000 00558cam a22002171 4500
001 sa 64009009
003 DLC
005 20260227112058.0
008 920401s1961 ii 000 1 tamo
010 _asa 64009009
035 _a(OCoLC)25570988
040 _aDLC
_cWaU
_dDLC
042 _apremarc
050 0 0 _aPL4758.9.A33
_bV4
100 0 _aAkilan̲,
_d1922-1988.
245 1 0 _aVēṅkaiyin̲ maintan̲.
260 _c[1961]
300 _a834 p.
_c19 cm.
500 _aIn Tamil.
600 0 0 _aKulottunga
_bI,
_cChola King,
_dactive 1070-1118
_vFiction.
999 _c61183
_d61183